Países del Mundo por emojis. - Estadísticas

Estadísticas generales
  • Esta prueba ha sido intentada 279 veces
  • La puntuación promedio es 22 de 27
Estadísticas de respuestas
Emojis País % Correcto
🍁 🏒 ❄️ Canadá
100%
🥘 💃 🏰 España
99%
🍕 🍝 🎭 Italia
99%
🥡 🐉 🏮 China
98%
🍣 🎎 ⛩️ Japón
98%
🦘 🏄‍♂️ 🌏 Australia
97%
🏖️ ⚽ 🎉 Brasil
97%
🥖 🧑‍🎨 🗼 Francia
97%
🍺 🏰 🥨 Alemania
96%
🥩 ⚽ 🧉 Argentina
96%
🌮 🌵 🎉 México
96%
🍀 🍺 🎻 Irlanda
92%
🌷 🚴 🧀 Paises Bajos
89%
🐪 🏜️ 🏺 Egipto
87%
🕌 🪔 🧘‍♂️ India
86%
🕍 ✡️ 🍋 Israel
86%
🦙 🏔️ 🍲 Perú
81%
☕ 👑 ⚽ Reino Unido
79%
🥝 🏞️ 🏉 Nueva Zelanda
78%
🧥 🐻 ❄️ Rusia
78%
🕋 🏜️ 💰 Arabia Saudita
76%
🐟 ❄️ 🚢 Noruega
69%
❄️ 🔥 🧊 Islandia
65%
🦒 🌅 🏞️ Kenia
51%
🏝️ 🎶 🏃‍♂️ Jamaica
45%
🏙️ 🏜️ 💎 Catar
35%
🏔️ 🦜 🏖️ Ecuador
29%
No se encontraron pruebas coincidentes
Distribución de puntuación
Porcentaje de gente con cada puntuación
Porcentaje por número respondido
Historial de tus puntuaciones
No has intentado esta prueba.